| 000 | 00566nam a2200205 u 4500 | ||
|---|---|---|---|
| 005 | 20220127174001.0 | ||
| 008 | 180208s2012 r 000 0 eng d | ||
| 020 | _a9786071119513 | ||
| 035 | _aUPN01000222804 | ||
| 049 | _aCG | ||
| 050 | 4 |
_aPQ8179 V3 _bC8.4 |
|
| 100 | 1 |
_aVallejo, Fernando, _d1942- _930274 |
|
| 245 | 1 | 3 |
_aEl cuervo blanco / _cFernando Vallejo. |
| 260 |
_aMéxico : _bAlfaguara, _c2012. |
||
| 300 | _a379 p. | ||
| 600 | 1 | 4 |
_aCUERVO, RUFINO JOSE, _d1844-1911 |
| 650 | 4 |
_aFILOLOGISTAS - _zCOLOMBIA _926632 |
|
| 905 | _aLibro | ||
| 999 |
_c194901 _d194901 |
||